Chapterhouse, Dune / (Record no. 3036)

MARC details
000 -LEADER
fixed length control field 00961cam a2200277 a 4500
001 - CONTROL NUMBER
control field 3036
003 - CONTROL NUMBER IDENTIFIER
control field FISKH
005 - DATE AND TIME OF LATEST TRANSACTION
control field 20250307111634.0
008 - FIXED-LENGTH DATA ELEMENTS--GENERAL INFORMATION
fixed length control field 840822s1985 nyu 000 1 eng
010 ## - LIBRARY OF CONGRESS CONTROL NUMBER
LC control number 84017979
020 ## - INTERNATIONAL STANDARD BOOK NUMBER
International Standard Book Number 0399130276
020 ## - INTERNATIONAL STANDARD BOOK NUMBER
International Standard Book Number 072742004950
040 ## - CATALOGING SOURCE
Original cataloging agency DLC
Transcribing agency DLC
Modifying agency DLC
-- OCoLC
Language of cataloging eng
050 00 - LIBRARY OF CONGRESS CALL NUMBER
Classification number PS3558.E63
Item number C48 1985
082 00 - DEWEY DECIMAL CLASSIFICATION NUMBER
Classification number 813/.54
Edition number 19
100 1# - MAIN ENTRY--PERSONAL NAME
Personal name Herbert, Frank.
245 10 - TITLE STATEMENT
Title Chapterhouse, Dune /
Statement of responsibility, etc. Frank Herbert.
250 ## - EDITION STATEMENT
Edition statement This edition published in 1987
260 ## - PUBLICATION, DISTRIBUTION, ETC.
Place of publication, distribution, etc. New York :
Name of publisher, distributor, etc. Berkley,
Date of publication, distribution, etc. 1985
300 ## - PHYSICAL DESCRIPTION
Extent 436 pages :
Dimensions 18 cm
520 ## - SUMMARY, ETC.
Summary, etc. The desert planet Arrakis, called Dune, has been destroyed. Now, the Bene Gesserit, heirs to Dune's power, have colonized a green world�??and are tuning it into a desert, mile by scorched mile.
650 #0 - SUBJECT ADDED ENTRY--TOPICAL TERM
Topical term or geographic name entry element Dune (Imaginary place)
General subdivision Fiction.
655 #7 - INDEX TERM--GENRE/FORM
Genre/form data or focus term Science fiction.
Source of term gsafd
906 ## - LOCAL DATA ELEMENT F, LDF (RLIN)
a 7
b cbc
c orignew
d 1
e ocip
f 19
g y-gencatlg
942 ## - ADDED ENTRY ELEMENTS (KOHA)
Source of classification or shelving scheme Dewey Decimal Classification
Koha item type Books
Suppress in OPAC No
Holdings
Withdrawn status Lost status Source of classification or shelving scheme Damaged status Not for loan Collection Home library Current library Shelving location Date acquired Total Checkouts Full call number Barcode Date last seen Date last checked out Copy number Price effective from Koha item type
    Dewey Decimal Classification     Fiction Footprints International School Library Network Toul Tom Poung Campus Footprints International School Library Network Toul Kork Campus TTP Secondary Fiction Bookshelves 01/31/2024 2 HER Fic PS3558.E63 FISSE03275 04/27/2026 01/12/2026 1 01/31/2024 Books